Les relations internationales de 1945 à nos jours (notice n° 1556288)
[ vue normale ]
| 000 -LEADER | |
|---|---|
| fixed length control field | 01076cam a2200277zu 4500 |
| 003 - CONTROL NUMBER IDENTIFIER | |
| control field | FRCYB88807675 |
| 005 - DATE AND TIME OF LATEST TRANSACTION | |
| control field | 20251020124053.0 |
| 008 - FIXED-LENGTH DATA ELEMENTS--GENERAL INFORMATION | |
| fixed length control field | 251020s2010 fr | o|||||0|0|||fre d |
| 020 ## - INTERNATIONAL STANDARD BOOK NUMBER | |
| International Standard Book Number | 9782247090044 |
| 035 ## - SYSTEM CONTROL NUMBER | |
| System control number | FRCYB88807675 |
| 040 ## - CATALOGING SOURCE | |
| Original cataloging agency | FR-PaCSA |
| Language of cataloging | fr |
| Transcribing agency | |
| Description conventions | rda |
| 100 1# - MAIN ENTRY--PERSONAL NAME | |
| Personal name | Boniface, Pascal |
| 245 01 - TITLE STATEMENT | |
| Title | Les relations internationales de 1945 à nos jours |
| Statement of responsibility, etc. | ['Boniface, Pascal'] |
| 264 #1 - PRODUCTION, PUBLICATION, DISTRIBUTION, MANUFACTURE, AND COPYRIGHT NOTICE | |
| Name of producer, publisher, distributor, manufacturer | Dalloz |
| Date of production, publication, distribution, manufacture, or copyright notice | 2010 |
| 300 ## - PHYSICAL DESCRIPTION | |
| Extent | p. |
| 336 ## - CONTENT TYPE | |
| Content type code | txt |
| Source | rdacontent |
| 337 ## - MEDIA TYPE | |
| Media type code | c |
| Source | rdamdedia |
| 338 ## - CARRIER TYPE | |
| Carrier type code | c |
| Source | rdacarrier |
| 520 ## - SUMMARY, ETC. | |
| Summary, etc. | En sept chapitres clairs et synthétiques, ce manuel permet aux étudiants d'avoir une vision globale des relations internationales depuis 1945, d'en appréhender les mécanismes et de disposer des clefs qui permettent de comprendre les grands défis internationaux du début du XXIe siècle. |
| 650 #0 - SUBJECT ADDED ENTRY--TOPICAL TERM | |
| Topical term or geographic name entry element | |
| 700 0# - ADDED ENTRY--PERSONAL NAME | |
| Personal name | Boniface, Pascal |
| 856 40 - ELECTRONIC LOCATION AND ACCESS | |
| Access method | Cyberlibris |
| Uniform Resource Identifier | <a href="https://international.scholarvox.com/netsen/book/88807675">https://international.scholarvox.com/netsen/book/88807675</a> |
| Electronic format type | text/html |
| Host name | |
Pas d'exemplaire disponible.




Réseaux sociaux